000 00488nam a2200181Ia 4500
003 GCL
008 140319s9999 xx 000 0 eng d
040 _aGCL /
_cGCL
082 0 4 _aCC
_b791.460233
_bB W
245 1 0 _aTHE WORLD OF SHADI ABDEL SALAM
260 _aالقاهرة :
_bBIBLIOTHECA ALEXANDRINE ،
_c2002
300 _a24 CM ؛
_c23 P
650 0 4 _aMOTION PICTURES
650 0 4 _aDIRECTORS - BIOGRAPHY
650 0 4 _aDIRECTORS
650 0 4 _aSHADI ABDEL SALAM
942 _2ddc
_cBK
999 _c5773
_d5773